Waluty Europy - Wersja Trudna - Statystyki

Ogólne statystyki
  • Ten quiz został rozwiązany 40 razy
    28 od ostatniego zresetowania
  • Średni wynik to 12 z 21
Statystyki odpowiedzi
Nazwa waluty % Poprawnych
Euro
100%
Złoty
90%
Hrywna ukraińska
81%
Korona czeska
76%
Frank szwajcarski
67%
Korona norweska
67%
Korona szwedzka
67%
Rubel rosyjski
67%
Korona duńska
62%
Lira turecka
62%
Rubel białoruski
62%
Funt szterling
57%
Dinar serbski
52%
Korona islandzka
48%
Forint węgierski
43%
Lek albański
43%
Denar macedoński
38%
Lej rumuński
38%
Marka konwertybilna (zamienna)
38%
Lej mołdawski
29%
Funt gibraltarski
5%
Nie znaleziono quizów pasujących do podanych kryteriów
Rozkład punktacji
Procent ludzi z każdym wynikiem
Percentyl według liczby udzielonych odpowiedzi
Twoja historia wyników
Nie rozwiązałeś tego quizu od ostatniego zresetowania